Countries Culturally Closest to Spain - Statistics

General Stats
  • This quiz has been taken 50 times
  • The average score is 13 of 15
Answer Stats
Hint Answer % Correct
Iberia Portugal
98%
Messi Argentina
96%
Tacos Mexico
96%
Tiny Andorra
94%
Long Chile
94%
North France
94%
Not Spain Italy
94%
Inflation Venezuela
91%
Pablo Colombia
89%
Celts Ireland
87%
Neighbor of the above UK
87%
Suarez Uruguay
81%
Communist Cuba
79%
Orthodox Greece
77%
South Morocco
74%
No matching quizzes found
Score Distribution
Percent of People with Each Score
Percentile by Number Answered
Your Score History
You have not taken this quiz